Theory of viscoelasticity

Αποθηκεύτηκε σε:
Λεπτομέρειες βιβλιογραφικής εγγραφής
Κύριος συγγραφέας: Christensen, R. M. (Richard M.)
Μορφή: Βιβλίο
Γλώσσα:English
Δημοσίευση: Mineola, N.Y. : Dover Publications, 2003
Έκδοση:2nd ed.
Θέματα:
Ετικέτες: Προσθήκη ετικέτας
Δεν υπάρχουν, Καταχωρήστε ετικέτα πρώτοι!

MARC

LEADER 00000nam a2200000 i 4500
001 1/74564
008 080215s2003 eng d
020 |a 0-486-42880-X 
035 |l 10094684 
040 |a GR-MY-UA  |b gre  |e aacr 
041 0 |a eng 
082 0 |a 620.11232  |2 (22) 
100 1 |a Christensen, R. M.  |q (Richard M.) 
245 1 0 |a Theory of viscoelasticity /  |c Richard M. Christensen 
250 |a 2nd ed. 
260 |a Mineola, N.Y. :   |b Dover Publications,   |c 2003 
300 |a xii, 364 σ.;  |b εικ.;  |c 24 εκ. 
500 |a Originally published: New York : Academic Press, 1982 
504 |a Περιέχει βιβλιογραφικές παραπομπές και ευρετήριο 
650 0 0 |a Viscoelasticity. 
852 |a INST  |b SAMOS  |e 20080215  |h 620.11232 CHR  |p 005300026856  |q 005300026856  |t BK  |y 0 
901 |a BIBL3-2008-1 
909 |a Σ  |b 142378 
922 |a 3ΕΛΗ  |b 200712  |c ΕΠΕΑΕΚ2/ΤΜΗΜΑ ΜΑΘΗΜΑΤΙΚΩΝ  |d ΕΛΕΥΘΕΡΟΥΔΑΚΗΣ 
970 |a ΡΟΥΣΣΟΥ  |b ΚΩΝΣΤΑΝΤΙΝΑ  |z 2008/02/15